000 00629nam a2200217Ia 4500
005 20230216143426.0
008 131103s9999 xx 000 0 und d
020 _a631195041
_cGBP 14.99
040 _aLoreto College
041 _aEnglish
082 _a820.9
_bWU
245 _aRomanticism
_b a critical reader
_cedited by Duncan Wu
260 _aOxford
_bBlackwell
_c1995
300 _axxvi,462 p.
504 _aIncludes bibliographical references and index
650 _aEnglish Literature
651 _a19th Century - History and Criicism - Romanticism
700 _aWu, Duncan, ed.
850 _aLCLIB
942 _cBK
999 _c7783
_d58262